000 00515cam a2200181ua 4500
041 _aeng
_h
082 _a516.06
_bBEL/EL
100 _aBell, Robert J T .
245 _aElementary treatise on coordinate geometry of three dimensions /
_cRobert J T Bell.
_hTextual Documents
250 _a3 /
_b.
260 _aMelbourne,London :
_bMacMillan and Company Limited ,
_c1960.
300 _a444 :
_b506 ; .
504 _a
942 _cBK
999 _c10591
_d10591